000 00543nam a2200205 4500
003 LK-CoMWRAF
005 20230906125258.0
008 230906b1988 |||||||| |||| 00| 0 eng d
020 _a0030119537
040 _aLK-CoMWRAF
_dLK-CoMWRAF
_eLK-CoMWRAF
041 _aeng
082 _a803.21
_bABR
100 _aAbrams, M. H.
245 _aA Glossary of literary terms
250 _a5th Edition
260 _aLondon :
_bHolt, Rinehart and Winston,
_c1988
300 _aix, 260p. ; 24cm.
650 _aLiterature-Dictionaries
942 _cBK
999 _c3428
_d3428